000 00476nam a2200181Ia 4500
001 17739
005 20260306171539.0
008 260306s9999||||xx |||||||||||||| ||und||
041 _aESP
082 _a658.15
_bS737
100 _aSequeda Reyes, Pedro Manuel
_eAUT
245 0 _aFinanzas corporativas y valoración de empresas:
_bal alcance de todos
260 _c2014
300 _a145 pƔginas :
_c24 cm.
650 _aGEN
654 _aCAN
942 _cLIB
_dJUS
_fJUS
_2ddc
_n
999 _c17739
_d17739